000 01984nam a2200361 i 4500
001 166451
003 ES-MaACL
005 20250904063104.0
008 001123e1891 sp |r 001 0 spa
040 _aCYL
_bspa
_cCYL
080 _a025.34
080 _a17.1(.)
080 _a017.2(.)
080 _a017.2 A/Z
080 _a025.3
100 1 _aTorner de la Fuente, Eusebio
_d1861-1913
_eaut
_9110665
245 1 0 _aNoticia del plan de clasificación y sistema escogido para la redacción de los catálogos en la Biblioteca de la Academia de Ingenieros del Ejército /
_cpor D. Eusebio Torner de la Fuente y D. Osmundo de la Riva y Blanco, capitanes de ingenieros
260 0 _aGuadalajara :
_b[s.n.],
_c1891
_f(Imp. y Encuadernación Provincial)
300 _a94, [14] páginas ;
_c24 cm
500 _aíndice
505 0 _aPrimera parte: Justificación del criterio seguido al redactar las intrucciones [sic]: Formación de los catálogos; Colocación y conservación de los libros; Estudio de los principales sistemas bibliográficos; Estudio de un sistema bibliográfico aplicable á nuestra Biblioteca. Segunda parte: Instrucciones para la formación de los catálogos y conservación de los libros: Formación de los Catálogos; Colocación y conservación de los libros. Apéndice
530 _aDisponible en formato digital
610 2 _aAcademia de Ingenieros del Ejército (España).
_bBiblioteca
_9134183
650 7 _aCatálogos de bibliotecas
_2embne
_9242215
650 7 _aCatalogación bibliográfica
_2embne
_910838
700 1 1 _aRiva y Blanco, Osmundo de la
_eaut
_9131848
752 _aMadrid -
_dGuadalajara
852 4 _aES-MaACL
_cDEPOF
_jT-563-F-10
_xEnc. en un vol. facticio
_xHolandesa, conservando enc. original
856 4 _uhttps://bdh-rd.bne.es/viewer.vm?id=0000069771&page=1
_yVersión en línea
_z(Biblioteca Digital Hispánica)
942 _cMONANT
_n0
999 _c166451
_d166451